|
|
|
|
| LEADER |
02073nam a22003617a 4500 |
| 001 |
41083 |
| 003 |
BD-DhAAL |
| 008 |
230409t2021 bg 000 0 ben d |
| 010 |
|
|
|a 2022325152
|
| 020 |
|
|
|a 9847035003474
|
| 025 |
|
|
|a B-B-2022-325152; 38-90
|
| 037 |
|
|
|b Library of Congress -- New Delhi Overseas Office
|
| 040 |
|
|
|a DLC
|b eng
|e rda
|c DLC
|d BD-DhAAL
|
| 041 |
|
|
|a ben
|
| 042 |
|
|
|a lcode
|
| 082 |
|
|
|a 332.1095492
|2 23
|
| 100 |
|
|
|a আমীন, আনোয়ারুল
|9 54026
|
| 245 |
0 |
0 |
|a বিদেশে প্রথম বাংলাদেশী ব্যাংকের শাখা খোলার নেপথ্য কাহিনী /
|c আনোয়ারুল আমীন.
|
| 246 |
|
|
|a Bidese prathama Bamladesi byamkera sakha kholara nepathya kahini
|
| 264 |
|
1 |
|a ঢাকা :
|b র্যামন পাবলিশার্স,
|c ২০২১.
|
| 300 |
|
|
|a ৭২ পৃষ্ঠা :
|b চিত্র ;
|c ২২ সে.মি.
|
| 520 |
|
|
|a Autobiographical reminiscences of a banker from Bangladesh.
|
| 541 |
|
|
|a Complimentary copy
|e 41083, 41084, 41085, 41086
|
| 546 |
|
|
|a In Bengali.
|
| 650 |
|
|
|a Banks and banking
|z Bangladesh.
|
| 650 |
|
|
|a Finance.
|
| 852 |
|
|
|a Ayesha Abed Library
|c General Stacks
|
| 942 |
|
|
|2 ddc
|c BK
|
| 999 |
|
|
|c 45657
|d 45657
|
| 952 |
|
|
|0 0
|1 0
|2 ddc
|4 0
|6 332_109549200000000_AMI
|7 0
|9 73520
|a BRACUL
|b BRACUL
|c GEN
|d 2023-04-09
|e Complimentary copy
|g 150.00
|l 0
|o 332.1095492 AMI
|p 3010041083
|r 2023-04-09
|t 1
|w 2023-04-09
|y BK
|
| 952 |
|
|
|0 0
|1 0
|2 ddc
|4 0
|6 332_109549200000000_AMI
|7 0
|9 73521
|a BRACUL
|b BRACUL
|c GEN
|d 2023-04-09
|e Complimentary copy
|g 150.00
|l 0
|o 332.1095492 AMI
|p 3010041084
|r 2023-04-09
|t 2
|w 2023-04-09
|y BK
|
| 952 |
|
|
|0 0
|1 0
|2 ddc
|4 0
|6 332_109549200000000_AMI
|7 0
|9 73522
|a BRACUL
|b BRACUL
|c GEN
|d 2023-04-09
|e Complimentary copy
|g 150.00
|l 0
|o 332.1095492 AMI
|p 3010041085
|r 2023-04-09
|t 3
|w 2023-04-09
|y BK
|
| 952 |
|
|
|0 0
|1 0
|2 ddc
|4 0
|6 332_109549200000000_AMI
|7 0
|9 73523
|a BRACUL
|b BRACUL
|c GEN
|d 2023-04-09
|e Complimentary copy
|g 150.00
|l 1
|m 20
|o 332.1095492 AMI
|p 3010041086
|q 2026-06-02
|r 2026-02-03
|s 2026-02-03
|t 4
|w 2023-04-09
|y BK
|